How To Think Like A Millionaire (Record no. 300737)
[ view plain ]
| 000 -LEADER | |
|---|---|
| fixed length control field | 00401nam a2200157Ia 4500 |
| 008 - FIXED-LENGTH DATA ELEMENTS--GENERAL INFORMATION | |
| fixed length control field | 230718s9999 xx 000 0 und d |
| 041 ## - LANGUAGE CODE | |
| Language code of text/sound track or separate title | eng |
| 082 ## - DEWEY DECIMAL CLASSIFICATION NUMBER | |
| Classification number | 341.1 |
| Item number | POI |
| 100 ## - MAIN ENTRY--PERSONAL NAME | |
| Personal name | Poissant |
| 9 (RLIN) | 145833 |
| 245 ## - TITLE STATEMENT | |
| Title | How To Think Like A Millionaire |
| 260 ## - PUBLICATION, DISTRIBUTION, ETC. (IMPRINT) | |
| Date of publication, distribution, etc. | 1997 |
| Name of publisher, distributor, etc. | Harper Collins |
| 300 ## - PHYSICAL DESCRIPTION | |
| Extent | 272 |
| 365 ## - TRADE PRICE | |
| Currency code | Rs. |
| Price amount | 95.00 |
| 700 ## - ADDED ENTRY--PERSONAL NAME | |
| Personal name | Poissant |
| 9 (RLIN) | 145833 |
| 906 ## - LOCAL DATA ELEMENT F, LDF (RLIN) | |
| d | B:567206-Jun-2000 |
| c | OTH |
| b | 14.25 |
| Withdrawn status | Lost status | Damaged status | Not for loan | Home library | Current library | Date acquired | Vendor | Budget Code | Cost, normal purchase price | Bill number | Total Checkouts | Full call number | Barcode | Date last seen | Discount | Cost, replacement price | Bill Date | Koha item type | Original Barcode |
|---|---|---|---|---|---|---|---|---|---|---|---|---|---|---|---|---|---|---|---|
| Cummins College of Engineering for Women Pune | Cummins College of Engineering for Women Pune | 21/10/2000 | Technical Book Services | OTH | 80.75 | 5672 | 341.1 | CCEP-BK-11943 | 18/07/2023 | 14.25 | 95.00 | 06/06/2000 | Books | 011943 |